[Event "Podhale-ch 16th"]
[Site "Rabka Zdroj"]
[Date "2000.02.20"]
[Round "4"]
[White "Szromba, Krzysztof"]
[Black "Czyszczon, Marian"]
[Result "1-0"]
[WhiteElo "2022"]
[BlackElo "1800"]
[PlyCount "85"]
[EventDate "2000.02.18"]
[EventType "swiss"]
[EventRounds "9"]
[EventCountry "POL"]
[SourceTitle "EXT 2005"]
[Source "ChessBase"]
[SourceDate "2004.11.15"]
[SourceVersion "1"]
[SourceVersionDate "2004.11.15"]
[SourceQuality "1"]

1. d4 Nf6 2. g3 g6 3. Bg2 Bg7 4. e4 d6 5. Ne2 0-0 6. 0-0 e5 7. h3 Nc6 8. Be3 b5 9. a4 a6 10. axb5 Ne7 11. dxe5 dxe5 12. Bc5 Nd7 13. Bb4 Bb7 14. bxa6 Bxa6 15. Nbc3 c5 16. Ba3 Nc6 17. Re1 Re8 18. h4 Nd4 19. Nxd4 cxd4 20. Nd5 Nb6 21. Nxb6 Qxb6 22. Bf1 Bxf1 23. Kxf1 Rec8 24. Qd3 Qc6 25. c3 dxc3 26. Rac1 Qa6 27. Qxa6 Rxa6 28. Bb4 Bh6 29. Rxc3 Rb8 30. Ra3 Rxa3 31. Bxa3 Bf8 32. Bxf8 Kxf8 33. Rb1 Rb3 34. g4 h5 35. gxh5 gxh5 36. Kg2 Ke7 37. Rc1 Rxb2 38. Rc6 Rb4 39. f3 f5 40. exf5 Rxh4 41. Re6+ Kf7 42. Rxe5 Kf6 43. Re4 1-0